| 000 | 01538nam a2200253Ia 4500 | ||
|---|---|---|---|
| 003 | Ost | ||
| 005 | 20260507075741.0 | ||
| 008 | 260507s9999||||xx |||||||||||||| ||und|| | ||
| 020 | _a×525249960 | ||
| 040 | _cfsecg | ||
| 041 | _aara | ||
| 082 | _a330 | ||
| 100 |
_aجولدمان، جميس _eمؤلف |
||
| 245 | 0 |
_aالتطبيقات العملية لإتصالات البيانات / _c جميس جولدمان |
|
| 260 |
_aالرياض: _bدار المريخ للنشر, _c2004 |
||
| 300 |
_a1048 صفحة؛ _bإيضاحات ؛ _c25 سم |
||
| 504 | _aمعجم المصطلحات ص.1001؛ الملاحق ص.997 | ||
| 520 | _aمقدمة لإتصالات البيانات والصوت- صناعة الإتصالات البيانات- مفاهيم اتصالات البيانات التقنية- اتصالات البيانات الاساسية- مفاهيم وتقنية اتصالات الصوت- مفاهيم شبكة المنطقة المحلية- نظم مكونات شبكة المنطقة المحلية- نظم تشغيل شبكة المنطقة المحلية- مفاهيم شبكة المنطقة العريضة وخدماتها- الإتصال البعيد والتشابك اللاسلكي- شبكات المنشأة والأنترنت- دورة حياة تطوير الشبكة- أمن الشبكة- إدارة الشبكة | ||
| 653 | _aالبرمجيات | ||
| 653 | _aالتطبيقات | ||
| 653 | _aالحواسيب | ||
| 700 |
_aمحمد، يحي وآخرون _eمؤلف ثانوي |
||
| 942 | _cكتاب | ||
| 999 |
_c46145 _d46145 |
||